000 00676nam a2200289Ia 4500
005 20260324132404.0
008 008 260324s9999 xx 000 0 eng d
020 _a9780203644126
037 _aEBOOK
040 _aCRL
040 _beng
040 _cCRL
041 _2eng
041 _aeng
084 _qCRL
100 _aMeliha Altunisik; Özlem Tür
_91189093
245 0 _aTurkey
245 0 _bChallenges of Continuity and Change
260 _bTaylor and Francis
260 _c2004
365 _a
365 _b240
856 _uhttp://www.taylorfrancis.com/books/9780203644126
942 _cEBOOK
999 _c1787167
_d1787167